| 000 | 00692nam a2200229Ia 4500 | ||
|---|---|---|---|
| 005 | 20241129104123.0 | ||
| 008 | 241129s9999||||xx |||||||||||||| ||und|| | ||
| 020 | _a9783030141790 | ||
| 037 | _aTextual | ||
| 040 |
_aRTL _beng _cRTL |
||
| 041 |
_aeng _2eng |
||
| 084 |
_aU8.297.N7 R0 _qRTL |
||
| 100 |
_aSati Vishwambhar Prasad _9147166 |
||
| 245 | 0 |
_aHimalaya on the threshold of change _cSati Vishwambhar Prasad |
|
| 260 |
_aSwitzerland _bSpringer _c2020 |
||
| 300 | _axxxvii,193p. | ||
| 365 |
_aINR _b9086.09 |
||
| 490 | _aAdvances in Global Change Research; 66 | ||
| 650 |
_aHimalayan Studies _9724864 |
||
| 942 |
_cTB _hU8.297.N7 R0 |
||
| 999 |
_c1224506 _d1224506 |
||